00421 2200169 4500001002100000005001500021008004100036020002200077035001900099041000700118082001100125090001700136100002100153245002700174260002700201300002300228INLIS00000000000033620241224112145241224||||||||| | ||| |||| || |  a978-979-450-614-1 0010-1224000336 aid0 a306.44 a306.44 KUN k0 aSoeseno Bachtiar00aKajian Sosiolinguistik bGhalia Indonesiac2010 ax, 166 hlm.; 23 cm